Statystyki dla Zagraniczni żużlowcy występujący w klubie z Zielonej Góry

Kliknij tutaj aby rozwiązać quiz!

Ogólne statystyki

  • Ten quiz został rozwiązany 129 razy
    (26 od ostatniego zresetowania)
  • Średni wynik to 27 z 54

Statystyki odpowiedzi

NarodowośćLata startówOdpowiedź% Poprawnych
Szwecja2006-10Fredrik Lindgren
96%
Szwecja2008-09Ludvig Lindgren
96%
Słowacja2019-20Martin Vaculik
96%
Dania2002,04-05,19Nicki Pedersen
92%
Słowenia2022Matej Zagar
88%
USA2010-11Greg Hancock
83%
Australia2016-17Jason Doyle
79%
Dania2018-20Michael Jepsen Jensen
79%
Dania2023Rasmus Jensen
79%
Szwecja2011-15Andreas Jonsson
75%
Niemcy2019Martin Smolinski
75%
Rosja/Ukraina2010, 12-16Aleksandr Loktajew
71%
USA2001-03, 06-07Billy Hamill
71%
Czechy2020-22Jan Kvech
71%
USA2023Luke Becker
71%
Norwegia1996, 2012Rune Holta
71%
Szwecja2020Antonio Lindbaeck
67%
Ukraina2016-17Andriej Karpow
63%
Dania2007-10Niels K. Iversen
63%
Szwecja1993Tony Rickardsson
63%
Ukraina/Polska2023WIktor Trofimow
63%
Szwecja2006, 11-13Jonas Davidsson
58%
Australia2021-22Max Fricke
58%
Australia2020,22-23Rohan Tungate
58%
Australia1997-98Jason Crump
54%
Słowenia2000Matej Ferjan
54%
Finlandia2006Kai Laukkanen
50%
Niemcy2006-07Kevin Woelbert
50%
Australia2015Darcy Ward
46%
USA2003Billy Janniro
42%
Szwecja1991-92Jimmy Nilsen
38%
Wielka Brytania2001, 04-05Lee Richardson
38%
Rosja2020Wiktor Kulakow
38%
Szwecja2017-18Jacob Thorssell
33%
Australia2016Justin Sedgmen
33%
Rosja2008-09Artem Wodjakow
29%
Norwegia1991-92Lars Gunnestad
29%
Dania2013-14Mikkel Bech
29%
Niemcy2000Robert Barth
29%
Niemcy1990,2005Robert Kessler
29%
Czechy1999-2003Antonin Svab
25%
Wielka Brytania1997-99Chris Louis
25%
Szwecja1996Daniel Andersson
25%
Szwecja1994Henrik Gustafsson
25%
Szwecja2007-08Ricky Kling
25%
Dania2008Nicolai Klindt
21%
Szwecja2007Sebastian Alden
21%
Dania1993-94, 96-97Brian Karger
17%
Wielka Brytania1999-2001Carl Stonehewer
17%
Szwecja1991Claes Ivarsson
13%
Szwecja1991Conny Ivarsson
13%
Szwecja1994Peter Nahlin
13%
Wielka Brytania1998Simon Wigg
13%
Rosja1995Rif Saitgariejew
4%

Rozkład punktacji

Percentyl według liczby udzielonych odpowiedzi

Procent ludzi z każdym wynikiem

Twoja historia wyników

Nie rozwiązałeś tego quizu od ostatniego zresetowania